[Event "2nd Easter 4NCL Congress"]
[Site "Daventry"]
[Date "2022.04.17"]
[Round "4"]
[Board "2"]
[White "Bezuidenhout, Roland"]
[Black "Hebden, Mark L"]
[Result "1/2-1/2"]
[WhiteElo "2332"]
[BlackElo "2532"]
[PlyCount "0"]
[EventDate "2022.04.15"]
[EventRounds "7"]
[EventCountry "ENG"]

1. e4 {[%clk 01:30:40]} {[%emt 00:00:19]} e5 {[%clk 01:30:51]} {[%emt
00:00:09]} 2. Bc4 {[%clk 01:29:48]} {[%emt 00:01:22]} Nf6 {[%clk 01:30:13]}
{[%emt 00:01:08]} 3. d3 {[%clk 01:30:08]} {[%emt 00:00:11]} Nc6 {[%clk
01:30:35]} {[%emt 00:00:08]} 4. Nc3 {[%clk 01:29:10]} {[%emt 00:01:28]} Na5
{[%clk 01:30:21]} {[%emt 00:00:44]} 5. Bb3 {[%clk 01:29:27]} {[%emt 00:00:11]}
Nxb3 {[%clk 01:27:59]} {[%emt 00:02:53]} 6. axb3 {[%clk 01:29:51]} {[%emt
00:00:07]} d6 {[%clk 01:28:02]} {[%emt 00:00:27]} 7. f4 {[%clk 01:28:21]}
{[%emt 00:02:00]} exf4 {[%clk 01:28:20]} {[%emt 00:00:11]} 8. Bxf4 {[%clk
01:28:44]} {[%emt 00:00:07]} Be7 {[%clk 01:28:43]} {[%emt 00:00:07]} 9. Nf3
{[%clk 01:28:57]} {[%emt 00:00:17]} O-O {[%clk 01:29:06]} {[%emt 00:00:07]} 10.
O-O {[%clk 01:29:19]} {[%emt 00:00:08]} d5 {[%clk 01:28:56]} {[%emt 00:00:40]}
11. e5 {[%clk 01:29:36]} {[%emt 00:00:13]} Ne8 {[%clk 01:28:56]} {[%emt
00:00:30]} 12. Qe1 {[%clk 01:29:06]} {[%emt 00:01:01]} c5 {[%clk 01:26:58]}
{[%emt 00:02:28]} 13. Qg3 {[%clk 01:27:40]} {[%emt 00:01:55]} Nc7 {[%clk
01:26:10]} {[%emt 00:01:18]} 14. Bd2 {[%clk 01:26:29]} {[%emt 00:01:41]} Bf5
{[%clk 01:22:46]} {[%emt 00:03:54]} 15. Ne2 {[%clk 01:18:08]} {[%emt 00:08:51]}
Ne6 {[%clk 01:18:21]} {[%emt 00:04:55]} 16. h4 {[%clk 01:14:47]} {[%emt
00:03:51]} c4 {[%clk 01:08:19]} {[%emt 00:10:32]} 17. Ng5 {[%clk 01:03:45]}
{[%emt 00:11:32]} cxd3 {[%clk 01:04:48]} {[%emt 00:04:02]} 18. cxd3 {[%clk
00:58:27]} {[%emt 00:05:48]} Bg6 {[%clk 01:02:53]} {[%emt 00:02:24]} 19. Nxe6
{[%clk 00:53:28]} {[%emt 00:05:29]} fxe6 {[%clk 01:03:13]} {[%emt 00:00:10]} 20.
Rxf8+ {[%clk 00:52:40]} {[%emt 00:01:19]} Bxf8 {[%clk 01:03:13]} {[%emt
00:00:30]} 21. Qh3 {[%clk 00:45:40]} {[%emt 00:07:30]} Qb6+ {[%clk 01:03:04]}
{[%emt 00:00:39]} 22. d4 {[%clk 00:45:49]} {[%emt 00:00:21]} Be7 {[%clk
01:00:45]} {[%emt 00:02:49]} 23. Rf1 {[%clk 00:41:11]} {[%emt 00:05:09]} Rf8
{[%clk 01:00:43]} {[%emt 00:00:30]} 24. Rxf8+ {[%clk 00:40:31]} {[%emt
00:01:10]} Bxf8 {[%clk 01:00:48]} {[%emt 00:00:26]} 25. h5 {[%clk 00:33:15]}
{[%emt 00:07:46]} Bf5 {[%clk 00:56:16]} {[%emt 00:05:01]} 26. g4 {[%clk
00:29:06]} {[%emt 00:04:40]} Bc2 {[%clk 00:53:12]} {[%emt 00:03:34]} 27. g5
{[%clk 00:24:56]} {[%emt 00:04:40]} Bxb3 {[%clk 00:42:13]} {[%emt 00:11:28]} 28.
g6 {[%clk 00:21:49]} {[%emt 00:03:37]} Bc2 {[%clk 00:41:39]} {[%emt 00:01:04]}
29. gxh7+ {[%clk 00:19:58]} {[%emt 00:02:22]} Bxh7 {[%clk 00:40:41]} {[%emt
00:01:28]} 30. h6 {[%clk 00:19:06]} {[%emt 00:01:21]} Bf5 {[%clk 00:40:40]}
{[%emt 00:00:30]} 31. Qh4 {[%clk 00:15:50]} {[%emt 00:03:47]} Qc7 {[%clk
00:35:39]} {[%emt 00:05:32]} 32. Ng3 {[%clk 00:12:48]} {[%emt 00:03:32]} Bg6
{[%clk 00:25:42]} {[%emt 00:10:27]} 33. Bg5 {[%clk 00:10:01]} {[%emt 00:03:17]}
gxh6 {[%clk 00:23:49]} {[%emt 00:02:23]} 34. Be3 {[%clk 00:03:46]} {[%emt
00:06:45]} Kh7 {[%clk 00:22:09]} {[%emt 00:02:09]} 35. Nh5 {[%clk 00:02:04]}
{[%emt 00:02:13]} Bxh5 {[%clk 00:22:13]} {[%emt 00:00:26]} 36. Qxh5 {[%clk
00:02:27]} {[%emt 00:00:08]} Qg7+ {[%clk 00:22:32]} {[%emt 00:00:09]} 37. Kf2
{[%clk 00:02:36]} {[%emt 00:00:21]} Qg6 {[%clk 00:21:23]} {[%emt 00:01:40]} 38.
Qh4 {[%clk 00:02:39]} {[%emt 00:00:27]} Qc2+ {[%clk 00:21:14]} {[%emt
00:00:39]} 39. Kf3 {[%clk 00:02:58]} {[%emt 00:00:11]} Kg6 {[%clk 00:19:35]}
{[%emt 00:02:09]} 40. Qf6+ {[%clk 00:03:04]} {[%emt 00:00:23]} Kh7 {[%clk
00:19:41]} {[%emt 00:00:24]} 41. Qxf8 {[%clk 00:03:00]} {[%emt 00:00:35]} Qe4+
{[%clk 00:19:23]} {[%emt 00:00:47]} 42. Kf2 {[%clk 00:03:04]} {[%emt 00:00:26]}
Qc2+ {[%clk 00:19:40]} {[%emt 00:00:14]} 43. Ke1 {[%clk 00:02:14]} {[%emt
00:01:19]} Qb1+ {[%clk 00:19:43]} {[%emt 00:00:28]} 44. Ke2 {[%clk 00:02:33]}
{[%emt 00:00:11]} Qc2+ {[%clk 00:19:10]} {[%emt 00:01:03]} 45. Bd2 {[%clk
00:02:36]} {[%emt 00:00:26]} Qe4+ {[%clk 00:19:30]} {[%emt 00:00:10]} 46. Kd1
{[%clk 00:02:08]} {[%emt 00:00:58]} Qb1+ {[%clk 00:19:36]} {[%emt 00:00:25]} 47.
Bc1 {[%clk 00:02:29]} {[%emt 00:00:09]} Qd3+ {[%clk 00:19:59]} {[%emt
00:00:07]} 48. Bd2 {[%clk 00:01:23]} {[%emt 00:01:36]} Qb1+ {[%clk 00:20:22]}
{[%emt 00:00:07]} 49. Ke2 {[%clk 00:01:39]} {[%emt 00:00:14]} Qe4+ {[%clk
00:20:44]} {[%emt 00:00:07]} 50. Be3 {[%clk 00:01:48]} {[%emt 00:00:21]} Qc2+
{[%clk 00:20:54]} {[%emt 00:00:21]} 51. Ke1 {[%clk 00:01:32]} {[%emt 00:00:46]}
Qb1+ {[%clk 00:20:16]} {[%emt 00:01:08]} 52. Kf2 {[%clk 00:01:57]} {[%emt
00:00:04]} Qc2+ {[%clk 00:20:04]} {[%emt 00:00:43]} 53. Kg3 {[%clk 00:02:17]}
{[%emt 00:00:10]} Qg6+ {[%clk 00:20:11]} {[%emt 00:00:22]} 54. Kh4 {[%clk
00:01:50]} {[%emt 00:00:56]} Qe4+ {[%clk 00:20:24]} {[%emt 00:00:19]} 55. Qf4
{[%clk 00:02:04]} {[%emt 00:00:16]} Qg6 {[%clk 00:19:43]} {[%emt 00:01:10]} 56.
Qg4 {[%clk 00:02:23]} {[%emt 00:00:10]} Qb1 {[%clk 00:15:23]} {[%emt 00:04:51]}
57. Qf4 {[%clk 00:00:43]} {[%emt 00:02:10]} Qg6 {[%clk 00:15:37]} {[%emt
00:00:17]} 58. Qf8 {[%clk 00:00:46]} {[%emt 00:00:27]} Qe4+ {[%clk 00:15:54]}
{[%emt 00:00:13]} 59. Qf4 {[%clk 00:00:59]} {[%emt 00:00:16]}  1/2-1/2

[Event "2nd Easter 4NCL Congress"]
[Site "Daventry"]
[Date "2022.04.17"]
[Round "4"]
[Board "3"]
[White "Dignam, Matthew P"]
[Black "Han, Yichen"]
[Result "0-1"]
[WhiteElo "2314"]
[BlackElo "2396"]
[PlyCount "0"]
[EventDate "2022.04.15"]
[EventRounds "7"]
[EventCountry "ENG"]

1. d4 {[%clk 01:30:50]} {[%emt 00:00:08]} d5 {[%clk 01:30:56]} {[%emt
00:00:05]} 2. c4 {[%clk 01:30:54]} {[%emt 00:00:25]} c6 {[%clk 01:31:05]}
{[%emt 00:00:22]} 3. cxd5 {[%clk 01:30:31]} {[%emt 00:00:52]} cxd5 {[%clk
01:31:31]} {[%emt 00:00:05]} 4. Nc3 {[%clk 01:30:42]} {[%emt 00:00:17]} Nf6
{[%clk 01:31:34]} {[%emt 00:00:29]} 5. Bf4 {[%clk 01:30:32]} {[%emt 00:00:39]}
Nc6 {[%clk 01:31:41]} {[%emt 00:00:23]} 6. e3 {[%clk 01:30:43]} {[%emt
00:00:18]} Bg4 {[%clk 01:29:58]} {[%emt 00:02:15]} 7. f3 {[%clk 01:30:26]}
{[%emt 00:00:47]} Bd7 {[%clk 01:26:41]} {[%emt 00:03:46]} 8. Bd3 {[%clk
01:30:11]} {[%emt 00:00:45]} e6 {[%clk 01:26:42]} {[%emt 00:00:30]} 9. g4
{[%clk 01:26:48]} {[%emt 00:03:51]} Qb6 {[%clk 01:18:30]} {[%emt 00:08:43]} 10.
Nge2 {[%clk 01:22:23]} {[%emt 00:04:55]} h6 {[%clk 01:11:54]} {[%emt 00:07:06]}
11. O-O {[%clk 01:16:26]} {[%emt 00:06:28]} Nb4 {[%clk 01:06:12]} {[%emt
00:06:12]} 12. Bb1 {[%clk 01:11:33]} {[%emt 00:05:23]} Bd6 {[%clk 01:05:27]}
{[%emt 00:01:15]} 13. a3 {[%clk 00:48:15]} {[%emt 00:23:47]} Bxf4 {[%clk
01:05:19]} {[%emt 00:00:39]} 14. exf4 {[%clk 00:45:52]} {[%emt 00:02:51]} Nc6
{[%clk 01:04:16]} {[%emt 00:01:33]} 15. Na4 {[%clk 00:36:44]} {[%emt 00:09:39]}
Qc7 {[%clk 01:02:18]} {[%emt 00:02:28]} 16. Nc5 {[%clk 00:31:59]} {[%emt
00:05:15]} Na5 {[%clk 00:52:10]} {[%emt 00:10:38]} 17. Nxd7 {[%clk 00:28:19]}
{[%emt 00:04:10]} Nxd7 {[%clk 00:50:37]} {[%emt 00:02:03]} 18. Qd3 {[%clk
00:26:37]} {[%emt 00:02:12]} Qc4 {[%clk 00:48:53]} {[%emt 00:02:14]} 19. Bc2
{[%clk 00:21:08]} {[%emt 00:05:59]} Qxd3 {[%clk 00:43:21]} {[%emt 00:06:02]} 20.
Bxd3 {[%clk 00:20:53]} {[%emt 00:00:46]} O-O {[%clk 00:39:27]} {[%emt
00:04:24]} 21. Rac1 {[%clk 00:15:19]} {[%emt 00:06:02]} Rfc8 {[%clk 00:38:12]}
{[%emt 00:01:47]} 22. f5 {[%clk 00:15:14]} {[%emt 00:00:34]} Nb3 {[%clk
00:36:40]} {[%emt 00:02:02]} 23. Rxc8+ {[%clk 00:09:23]} {[%emt 00:06:21]} Rxc8
{[%clk 00:37:02]} {[%emt 00:00:09]} 24. fxe6 {[%clk 00:09:43]} {[%emt
00:00:09]} fxe6 {[%clk 00:37:25]} {[%emt 00:00:08]} 25. Kf2 {[%clk 00:05:16]}
{[%emt 00:04:56]} g5 {[%clk 00:30:18]} {[%emt 00:07:37]} 26. h4 {[%clk
00:04:50]} {[%emt 00:00:56]} Rf8 {[%clk 00:26:08]} {[%emt 00:04:41]} 27. Ke3
{[%clk 00:04:02]} {[%emt 00:01:16]} e5 {[%clk 00:25:41]} {[%emt 00:00:59]} 28.
Bf5 {[%clk 00:02:42]} {[%emt 00:01:48]} exd4+ {[%clk 00:25:40]} {[%emt
00:00:32]} 29. Nxd4 {[%clk 00:02:57]} {[%emt 00:00:15]} Re8+ {[%clk 00:24:03]}
{[%emt 00:02:07]} 30. Be6+ {[%clk 00:03:21]} {[%emt 00:00:06]} Kf8 {[%clk
00:21:06]} {[%emt 00:03:28]} 31. Nxb3 {[%clk 00:03:17]} {[%emt 00:00:34]} Rxe6+
{[%clk 00:21:34]} 32. Kd4 {[%clk 00:03:19]} {[%emt 00:00:27]} Re2 {[%clk
00:20:30]} {[%emt 00:01:34]} 33. hxg5 {[%clk 00:02:49]} {[%emt 00:01:01]} hxg5
{[%clk 00:20:26]} {[%emt 00:00:34]} 34. Kc3 {[%clk 00:01:25]} {[%emt 00:01:53]}
Nb6 {[%clk 00:16:15]} {[%emt 00:04:43]} 35. f4 {[%clk 00:00:45]} {[%emt
00:01:09]} Na4+ {[%clk 00:16:13]} {[%emt 00:00:33]} 36. Kd4 {[%clk 00:00:47]}
{[%emt 00:00:26]} Rxb2 {[%clk 00:15:45]} {[%emt 00:00:59]} 37. fxg5+ {[%clk
00:01:10]} {[%emt 00:00:07]} Kg8 {[%clk 00:14:21]} {[%emt 00:01:54]} 38. Rf3
{[%clk 00:01:07]} {[%emt 00:00:33]} Rg2 {[%clk 00:13:39]} {[%emt 00:01:13]} 39.
Kxd5 {[%clk 00:00:37]} {[%emt 00:01:00]} Rxg4 {[%clk 00:14:00]} {[%emt
00:00:08]} 40. Rf5 {[%clk 00:00:36]} {[%emt 00:00:31]} Rg3 {[%clk 00:11:51]}
{[%emt 00:02:39]} 41. Nc5 {[%clk 00:00:00]} {[%emt 00:00:36]}  0-1

[Event "2nd Easter 4NCL Congress"]
[Site "Daventry"]
[Date "2022.04.17"]
[Round "4"]
[Board "4"]
[White "Turner, Max N"]
[Black "Mason, Donald J"]
[Result "1-0"]
[WhiteElo "2366"]
[BlackElo "2152"]
[PlyCount "0"]
[EventDate "2022.04.15"]
[EventRounds "7"]
[EventCountry "ENG"]

1. d4 {[%clk 01:30:56]} {[%emt 00:00:04]} Nf6 {[%clk 01:30:52]} {[%emt
00:00:08]} 2. c4 {[%clk 01:31:14]} {[%emt 00:00:12]} g6 {[%clk 01:31:16]}
{[%emt 00:00:06]} 3. g3 {[%clk 01:31:26]} {[%emt 00:00:18]} Bg7 {[%clk
01:31:18]} {[%emt 00:00:28]} 4. Bg2 {[%clk 01:31:33]} {[%emt 00:00:22]} O-O
{[%clk 01:31:23]} {[%emt 00:00:25]} 5. Nc3 {[%clk 01:31:50]} {[%emt 00:00:13]}
d6 {[%clk 01:31:31]} {[%emt 00:00:23]} 6. Nf3 {[%clk 01:32:06]} {[%emt
00:00:13]} c5 {[%clk 01:31:52]} {[%emt 00:00:09]} 7. O-O {[%clk 01:31:45]}
{[%emt 00:00:52]} Nc6 {[%clk 01:32:14]} {[%emt 00:00:07]} 8. d5 {[%clk
01:31:05]} {[%emt 00:01:13]} Na5 {[%clk 01:32:36]} {[%emt 00:00:05]} 9. Nd2
{[%clk 01:31:26]} {[%emt 00:00:10]} a6 {[%clk 01:20:29]} {[%emt 00:12:37]} 10.
Qc2 {[%clk 01:31:17]} {[%emt 00:00:39]} Rb8 {[%clk 01:19:13]} {[%emt 00:01:47]}
11. b3 {[%clk 01:30:42]} {[%emt 00:01:05]} Bf5 {[%clk 01:18:42]} {[%emt
00:01:00]} 12. e4 {[%clk 01:29:36]} {[%emt 00:01:35]} Bd7 {[%clk 01:19:10]}
{[%emt 00:00:02]} 13. Rb1 {[%clk 01:27:50]} {[%emt 00:02:16]} e5 {[%clk
01:14:47]} {[%emt 00:04:53]} 14. dxe6 {[%clk 01:24:27]} {[%emt 00:03:55]} Bxe6
{[%clk 01:13:23]} {[%emt 00:01:52]} 15. Rd1 {[%clk 01:21:44]} {[%emt 00:03:14]}
Nc6 {[%clk 01:11:42]} {[%emt 00:02:11]} 16. Nf3 {[%clk 01:19:27]} {[%emt
00:02:47]} Ng4 {[%clk 01:05:37]} {[%emt 00:06:35]} 17. Ne2 {[%clk 01:08:14]}
{[%emt 00:11:42]} Qe7 {[%clk 00:46:21]} {[%emt 00:19:47]} 18. Bg5 {[%clk
01:05:26]} {[%emt 00:03:18]} f6 {[%clk 00:43:56]} {[%emt 00:02:54]} 19. Bd2
{[%clk 01:03:30]} {[%emt 00:02:26]} f5 {[%clk 00:39:19]} {[%emt 00:05:07]} 20.
Bg5 {[%clk 00:52:50]} {[%emt 00:11:11]} Qc7 {[%clk 00:28:38]} {[%emt 00:11:11]}
21. Bf4 {[%clk 00:47:25]} {[%emt 00:05:55]} Rbd8 {[%clk 00:26:26]} {[%emt
00:02:42]} 22. h3 {[%clk 00:34:25]} {[%emt 00:13:30]} Nge5 {[%clk 00:20:56]}
{[%emt 00:06:00]} 23. Ng5 {[%clk 00:33:51]} {[%emt 00:01:04]} Bc8 {[%clk
00:20:04]} {[%emt 00:01:22]} 24. Nc3 {[%clk 00:08:56]} {[%emt 00:25:24]} Nb4
{[%clk 00:15:36]} {[%emt 00:04:58]} 25. Nd5 {[%clk 00:07:20]} {[%emt 00:02:08]}
Nxd5 {[%clk 00:10:32]} {[%emt 00:05:33]} 26. exd5 {[%clk 00:07:34]} {[%emt
00:00:16]} h6 {[%clk 00:10:05]} {[%emt 00:00:57]} 27. Ne6 {[%clk 00:07:49]}
{[%emt 00:00:15]} Bxe6 {[%clk 00:10:25]} {[%emt 00:00:10]} 28. dxe6 {[%clk
00:08:16]} {[%emt 00:00:03]} g5 {[%clk 00:08:42]} {[%emt 00:02:13]} 29. Bd2
{[%clk 00:07:12]} {[%emt 00:01:34]} f4 {[%clk 00:07:02]} {[%emt 00:02:10]} 30.
Bd5 {[%clk 00:07:36]} {[%emt 00:00:06]} Qe7 {[%clk 00:07:00]} {[%emt 00:00:32]}
31. gxf4 {[%clk 00:06:00]} {[%emt 00:02:07]} gxf4 {[%clk 00:06:57]} {[%emt
00:00:32]} 32. Qe4 {[%clk 00:05:49]} {[%emt 00:00:41]} Kh8 {[%clk 00:06:27]}
{[%emt 00:01:00]} 33. Bxf4 {[%clk 00:05:54]} {[%emt 00:00:25]} Rxf4 {[%clk
00:03:07]} {[%emt 00:03:50]} 34. Qxf4 {[%clk 00:06:15]} {[%emt 00:00:09]} Rf8
{[%clk 00:03:35]} {[%emt 00:00:02]} 35. Qg3 {[%clk 00:03:42]} {[%emt 00:03:03]}
Bf6 {[%clk 00:01:07]} {[%emt 00:02:58]} 36. Kh1 {[%clk 00:04:11]} {[%emt
00:00:01]} Bh4 {[%clk 00:01:13]} {[%emt 00:00:24]} 37. Qe3 {[%clk 00:04:39]}
{[%emt 00:00:02]} Bg5 {[%clk 00:00:56]} {[%emt 00:00:47]} 38. Qe2 {[%clk
00:03:43]} {[%emt 00:01:26]} Ng6 {[%clk 00:00:41]} {[%emt 00:00:45]} 39. Rg1
{[%clk 00:03:33]} {[%emt 00:00:40]} Nf4 {[%clk 00:01:03]} {[%emt 00:00:08]} 40.
Qf3 {[%clk 00:01:56]} {[%emt 00:02:07]} Qh7 {[%clk 00:00:55]} {[%emt 00:00:38]}
41. Rbe1 {[%clk 00:01:38]} {[%emt 00:00:48]} Nxe6 {[%clk 00:00:42]} {[%emt
00:00:44]} 42. Rxe6 {[%clk 00:01:20]} {[%emt 00:00:47]} Rxf3 {[%clk 00:00:59]}
{[%emt 00:00:13]} 43. Re8+ {[%clk 00:01:35]} {[%emt 00:00:15]} Kg7 {[%clk
00:00:43]} {[%emt 00:00:46]} 44. Re7+ {[%clk 00:01:52]} {[%emt 00:00:13]}  1-0

[Event "2nd Easter 4NCL Congress"]
[Site "Daventry"]
[Date "2022.04.17"]
[Round "4"]
[Board "5"]
[White "Boswell, Jacob Connor"]
[Black "Arkell, Keith C"]
[Result "1-0"]
[WhiteElo "2206"]
[BlackElo "2462"]
[PlyCount "0"]
[EventDate "2022.04.15"]
[EventRounds "7"]
[EventCountry "ENG"]

1. Nf3 {[%clk 01:30:58]} {[%emt 00:00:01]} d5 {[%clk 01:26:31]} {[%emt
00:04:31]} 2. e3 {[%clk 01:28:06]} {[%emt 00:03:21]} c5 {[%clk 01:26:43]}
{[%emt 00:00:18]} 3. c4 {[%clk 01:27:17]} {[%emt 00:01:19]} d4 {[%clk
01:27:08]} {[%emt 00:00:05]} 4. exd4 {[%clk 01:22:34]} {[%emt 00:05:13]} cxd4
{[%clk 01:27:33]} {[%emt 00:00:05]} 5. g3 {[%clk 01:22:59]} {[%emt 00:00:05]}
Nc6 {[%clk 01:28:00]} {[%emt 00:00:04]} 6. Bg2 {[%clk 01:23:05]} {[%emt
00:00:23]} a5 {[%clk 01:26:58]} {[%emt 00:01:32]} 7. O-O {[%clk 01:18:30]}
{[%emt 00:05:06]} g6 {[%clk 01:25:56]} {[%emt 00:01:31]} 8. Re1 {[%clk
01:15:52]} {[%emt 00:03:07]} Bg7 {[%clk 01:26:17]} {[%emt 00:00:10]} 9. d3
{[%clk 01:14:05]} {[%emt 00:02:17]} Nf6 {[%clk 01:23:07]} {[%emt 00:03:40]} 10.
Ne5 {[%clk 01:11:06]} {[%emt 00:03:29]} Bd7 {[%clk 01:17:44]} {[%emt 00:05:53]}
11. Nxd7 {[%clk 01:00:24]} {[%emt 00:11:13]} Nxd7 {[%clk 01:18:08]} {[%emt
00:00:04]} 12. Nd2 {[%clk 01:00:46]} {[%emt 00:00:08]} O-O {[%clk 01:18:24]}
{[%emt 00:00:15]} 13. h4 {[%clk 00:55:02]} {[%emt 00:06:13]} h6 {[%clk
01:16:30]} {[%emt 00:02:24]} 14. f4 {[%clk 00:48:21]} {[%emt 00:07:12]} h5
{[%clk 01:07:44]} {[%emt 00:09:16]} 15. Ne4 {[%clk 00:36:35]} {[%emt 00:12:15]}
e6 {[%clk 01:00:48]} {[%emt 00:07:27]} 16. b3 {[%clk 00:30:45]} {[%emt
00:06:20]} Qc7 {[%clk 01:00:02]} {[%emt 00:01:15]} 17. a3 {[%clk 00:29:55]}
{[%emt 00:01:21]} Ne7 {[%clk 01:00:08]} {[%emt 00:00:25]} 18. Rb1 {[%clk
00:26:57]} {[%emt 00:03:27]} Nf5 {[%clk 01:00:30]} {[%emt 00:00:06]} 19. Kh2
{[%clk 00:26:02]} {[%emt 00:01:26]} Rfd8 {[%clk 00:57:23]} {[%emt 00:03:37]} 20.
Qe2 {[%clk 00:24:18]} {[%emt 00:02:15]} Rab8 {[%clk 00:53:02]} {[%emt
00:04:51]} 21. b4 {[%clk 00:23:42]} {[%emt 00:01:06]} axb4 {[%clk 00:53:27]}
{[%emt 00:00:05]} 22. axb4 {[%clk 00:24:07]} {[%emt 00:00:05]} Ra8 {[%clk
00:53:17]} {[%emt 00:00:40]} 23. Nc5 {[%clk 00:21:30]} {[%emt 00:03:07]} Nxc5
{[%clk 00:53:27]} {[%emt 00:00:19]} 24. bxc5 {[%clk 00:21:55]} {[%emt
00:00:07]} Ra7 {[%clk 00:44:32]} {[%emt 00:09:24]} 25. Qf3 {[%clk 00:21:23]}
{[%emt 00:01:02]} Bf8 {[%clk 00:33:14]} {[%emt 00:11:47]} 26. Rxb7 {[%clk
00:20:41]} {[%emt 00:01:12]} Rxb7 {[%clk 00:33:40]} {[%emt 00:00:05]} 27. Qxb7
{[%clk 00:21:05]} {[%emt 00:00:07]} Qxb7 {[%clk 00:34:01]} {[%emt 00:00:08]} 28.
Bxb7 {[%clk 00:21:29]} {[%emt 00:00:06]} Bxc5 {[%clk 00:34:27]} {[%emt
00:00:04]} 29. Re5 {[%clk 00:17:57]} {[%emt 00:04:01]} Be7 {[%clk 00:28:48]}
{[%emt 00:06:09]} 30. Bc6 {[%clk 00:13:09]} {[%emt 00:05:18]} Rc8 {[%clk
00:28:15]} {[%emt 00:01:04]} 31. Bf3 {[%clk 00:13:17]} {[%emt 00:00:22]} Bc5
{[%clk 00:26:47]} {[%emt 00:01:57]} 32. Re2 {[%clk 00:11:23]} {[%emt 00:02:25]}
Ne3 {[%clk 00:25:13]} {[%emt 00:02:03]} 33. Ra2 {[%clk 00:06:28]} {[%emt
00:05:26]} Kg7 {[%clk 00:25:35]} {[%emt 00:00:08]} 34. Ra8 {[%clk 00:05:31]}
{[%emt 00:01:27]} Rc7 {[%clk 00:24:41]} {[%emt 00:01:23]} 35. Kg1 {[%clk
00:04:16]} {[%emt 00:01:46]} f6 {[%clk 00:19:00]} {[%emt 00:06:11]} 36. Rb8
{[%clk 00:02:47]} {[%emt 00:01:59]} Nf5 {[%clk 00:18:29]} {[%emt 00:01:00]} 37.
Kf2 {[%clk 00:02:45]} {[%emt 00:00:32]} Nd6 {[%clk 00:18:00]} {[%emt 00:01:00]}
38. Ra8 {[%clk 00:03:05]} {[%emt 00:00:11]} e5 {[%clk 00:17:30]} {[%emt
00:01:01]} 39. fxe5 {[%clk 00:02:11]} {[%emt 00:01:23]} fxe5 {[%clk 00:17:57]}
{[%emt 00:00:01]} 40. Bd5 {[%clk 00:01:38]} {[%emt 00:01:04]} Nf5 {[%clk
00:05:31]} {[%emt 00:12:56]} 41. Bg5 {[%clk 00:00:51]} {[%emt 00:01:17]} Be7
{[%clk 00:05:48]} {[%emt 00:00:13]} 42. Bd2 {[%clk 00:00:51]} {[%emt 00:00:28]}
Ne3 {[%clk 00:03:45]} {[%emt 00:02:34]} 43. Bxe3 {[%clk 00:00:42]} {[%emt
00:00:40]} dxe3+ {[%clk 00:04:10]} {[%emt 00:00:05]} 44. Kxe3 {[%clk 00:01:04]}
{[%emt 00:00:08]} Bc5+ {[%clk 00:04:36]} {[%emt 00:00:04]} 45. Ke4 {[%clk
00:01:05]} {[%emt 00:00:28]} Bf2 {[%clk 00:04:50]} {[%emt 00:00:16]} 46. Kf3
{[%clk 00:00:39]} {[%emt 00:00:57]} Bd4 {[%clk 00:04:56]} {[%emt 00:00:23]} 47.
Rg8+ {[%clk 00:00:33]} {[%emt 00:00:36]} Kh7 {[%clk 00:05:00]} {[%emt
00:00:26]} 48. g4 {[%clk 00:00:43]} {[%emt 00:00:21]} hxg4+ {[%clk 00:05:12]}
{[%emt 00:00:17]} 49. Kxg4 {[%clk 00:01:12]} {[%emt 00:00:01]} Ra7 {[%clk
00:03:33]} {[%emt 00:02:10]} 50. Rc8 {[%clk 00:01:23]} {[%emt 00:00:19]} Ra6
{[%clk 00:01:49]} {[%emt 00:02:13]} 51. Be4 {[%clk 00:01:44]} {[%emt 00:00:10]}
Kg7 {[%clk 00:01:08]} {[%emt 00:01:11]} 52. c5 {[%clk 00:02:03]} {[%emt
00:00:12]} Rf6 {[%clk 00:01:00]} {[%emt 00:00:37]} 53. c6 {[%clk 00:01:43]}
{[%emt 00:00:51]} Rf1 {[%clk 00:01:14]} {[%emt 00:00:15]} 54. Rd8 {[%clk
00:01:05]} {[%emt 00:01:07]} Rg1+ {[%clk 00:01:17]} {[%emt 00:00:28]} 55. Kh3
{[%clk 00:01:20]} {[%emt 00:00:15]} Rc1 {[%clk 00:01:26]} {[%emt 00:00:21]} 56.
Rd7+ {[%clk 00:01:22]} {[%emt 00:00:28]} Kf6 {[%clk 00:01:21]} {[%emt
00:00:35]} 57. Rd6+ {[%clk 00:01:36]} {[%emt 00:00:15]} Ke7 {[%clk 00:01:43]}
{[%emt 00:00:09]} 58. Rxg6 {[%clk 00:01:59]} {[%emt 00:00:07]} Rg1 {[%clk
00:01:43]} {[%emt 00:00:30]} 59. c7 {[%clk 00:00:53]} {[%emt 00:01:37]} Kd7
{[%clk 00:00:57]} {[%emt 00:01:15]} 60. Rc6 {[%clk 00:01:14]} {[%emt 00:00:09]}
Rg8 {[%clk 00:01:13]} {[%emt 00:00:14]} 61. Rc2 {[%clk 00:01:07]} {[%emt
00:00:36]}  1-0